000 00424nam a22001697a 4500
005 20240222144038.0
020 _a978-81-7708-552-5
041 _aEnglish
082 _a332.4 R23 LOH
100 _aLohana.R.Sarika
245 _aFinancial Markets Financial Institutions and Financial Services
250 _a1
260 _aNew Delhi
_bNew Century Publications
_c2023
300 _a307
365 _b590.00
942 _cBK
999 _c172069
_d172069